| 000 | 00364cam a2200145ua 4500 | ||
|---|---|---|---|
| 041 |
_aeng _h |
||
| 082 |
_a823.308 _bMAR/SE |
||
| 100 | _aMarrgat, Captain . | ||
| 245 |
_aSettlers in Canada / _cCaptain Marrgat. _hTextual Documents |
||
| 260 |
_aLondon : _bJ M Dent and Sons Ltd , _c1956. |
||
| 300 | _a319 ; . | ||
| 504 | _a | ||
| 942 | _cBK | ||
| 999 |
_c8720 _d8720 |
||